|
|
|
|
| LEADER |
01292nam a2200265 a 4500 |
| 001 |
GR-MES2370 |
| 008 |
991111s1991 gr 000 b gre d |
| 040 |
|
|
|a GrPaTEI
|b gre
|c GR-PaULI
|
| 245 |
0 |
0 |
|a Proγραμματίζοντας στη Logική :
|b Με εφαρμογές της τεχνητής νοημοσύνης.
|
| 260 |
|
|
|a Αθήνα :
|b Νέων Τεχνολογιών,
|c 1991
|
| 300 |
|
|
|a 349σελ. :
|b σχημ.
|
| 650 |
|
0 |
|a PROLOG
|
| 650 |
|
4 |
|a Γλώσσα προγραμματισμού
|
| 650 |
|
4 |
|a ΕΦΑΡΜΟΓΕΣ ΥΠΟΛΟΓΙΣΤΩΝ
|
| 650 |
|
4 |
|a Η/Υ
|
| 650 |
|
4 |
|a ΠΡΟΓΡΑΜΜΑΤΙΣΜΟΣ Η/Υ
|
| 700 |
1 |
|
|a Γεργατσούλης, Μ.
|
| 700 |
1 |
|
|a Κατσουράκη, Μ.
|
| 700 |
1 |
|
|a Κόκκοτος, Σ.
|
| 710 |
0 |
|
|a Νέων Τεχνολογιών
|
| 942 |
|
|
|2 ddc
|
| 952 |
|
|
|0 0
|1 0
|2 ddc
|4 0
|6 005_130000000000000_ΚΑΤ
|7 0
|9 266735
|a MSLG
|b MSLG
|c BSC
|d 2021-01-17
|e 24
|f 0
|g 0.00
|l 0
|o 005.13 ΚΑΤ
|p 2420000005415
|r 2021-01-17 00:00:00
|t 1
|w 2021-01-17
|y BK15
|x 19991111 0 1
|x GrPaTEI
|
| 952 |
|
|
|0 0
|1 0
|2 ddc
|4 0
|6 005_130000000000000_ΚΑΤ
|7 0
|9 266736
|a MSLG
|b MSLG
|c BSC
|d 2021-01-17
|e 24
|f 0
|g 0.00
|l 0
|o 005.13 ΚΑΤ
|p 2420000005416
|r 2021-01-17 00:00:00
|t 1
|w 2021-01-17
|y BK15
|x 19991111 0 1
|x GrPaTEI
|
| 971 |
|
|
|a .b25734155
|b 15-04-20
|c 13-09-16
|
| 999 |
|
|
|c 153484
|d 153484
|